000 00403nam a2200145Ia 4500
008 230917s9999||||xx |||||||||||||| ||und||
040 _e23483
_aMAIN
041 _aEnglish
082 _a152 P586P
100 _aRick, Anne D, ed.
245 0 _aPerception and its development: A tribute to Llearnor J Gibson
260 _aNew Jersey
_bLawrence Associates
_c1979
300 _axiii, 258 p.
942 _cBK
999 _c217316
_d217316